000 00256nam a2200097Ia 4500
005 20251222114339.0
008 251222s1900||||xx |||||||||||||| ||spa||
082 _aDVD0093/M26/2005
245 0 _aAlliances Aganinst Poverty:Alianzas contra la pobreza
942 _cDVD
999 _c771
_d771